000 00751nam a2200289Ia 4500
005 20260324112322.0
008 008 260324s9999 xx 000 0 eng d
020 _a9781003353041
037 _aEBOOK
040 _aCRL
040 _beng
040 _cCRL
041 _2eng
041 _aeng
084 _qCRL
100 _aJames Lock; Aileen Whyte; Brittany Matheson; Nandini Datta
_91142200
245 0 _aFamily-Based Treatment for Eating Disorders Piece by Piece
245 2 _bA Practical Guide for Parents
260 _bTaylor and Francis
260 _c2024
365 _a
365 _b205
856 _uhttp://www.taylorfrancis.com/books/9781003353041
942 _cEBOOK
999 _c1731359
_d1731359